000 00435 a2200169 4500
082 _a572
_bK258c
100 _akeesing, Felix M.
_922772
245 _aCultural anthropology:
_bthe science of custom
260 _aNew York
_bHolt
_c1958
300 _axxv,477p.
504 _aP.433-456
650 _aEthnology
_91554
650 _aAnthropology
650 _aCultural anthropology
_922773
653 _aBiochemistry
942 _2ddc
_cGEN
999 _c60787
_d60775